Практический курс письменной речи (модульная программа «Английский язык», модуль 2): электронный курс

Xehetasun bibliografikoak
Egile nagusia: Персидская А. С. Анастасия Сергеевна
Erakunde egilea: Национальный исследовательский Томский политехнический университет (ТПУ) Институт развития стратегического партнерства и компетенций (ИСПК) Кафедра методики преподавания иностранных языков (МПИЯ)
Gaia:Заглавие с экрана
Электронный учебный курс «Практический курс письменной речи (АЯ 2 ступень)» направлен на приобретение обучающимися такого объема языковых данных, на базе которого формируются коммуникативные компетенции в различных сферах общения социально-базового, социально-культурного, межкультурного и профессионально-делового характера. Обучающиеся по данному курсу приобретают практические языковые навыки, обеспечивающие достижение уровней А2, B1 «Общеевропейской компетенции владения иностранным языком: Изучение, преподавание, оценка» ("Common European Framework of Reference: Learning, Teaching, Assessment").
Доступ по логину и паролю
Hizkuntza:errusiera
Argitaratua: Томск, TPU Moodle, 2015
Gaiak:
Sarrera elektronikoa:https://design.lms.tpu.ru/course/view.php?id=1089
Formatua: Baliabide elektronikoa Liburua
KOHA link:https://koha.lib.tpu.ru/cgi-bin/koha/opac-detail.pl?biblionumber=665498

MARC

LEADER 00000nlm0a2200000 4500
001 665498
005 20231102030749.0
035 |a (RuTPU)RU\TPU\network\36697 
035 |a RU\TPU\network\17120 
090 |a 665498 
100 |a 20211012d2015 m y0rusy50 ca 
101 0 |a rus 
102 |a RU 
105 |a a j 000zy 
135 |a jrcn ---uucaa 
181 0 |a i  
182 0 |a b 
200 1 |a Практический курс письменной речи (модульная программа «Английский язык», модуль 2)  |e электронный курс  |f А. С. Персидская  |g Национальный исследовательский Томский политехнический университет (ТПУ), Институт развития стратегического партнерства и компетенций (ИСПК), Кафедра методики преподавания иностранных языков (МПИЯ) 
203 |a Текст  |c электронный 
210 |a Томск  |c TPU Moodle  |d 2015 
230 |a Электрон. дан. 
300 |a Заглавие с экрана 
330 |a Электронный учебный курс «Практический курс письменной речи (АЯ 2 ступень)» направлен на приобретение обучающимися такого объема языковых данных, на базе которого формируются коммуникативные компетенции в различных сферах общения социально-базового, социально-культурного, межкультурного и профессионально-делового характера. Обучающиеся по данному курсу приобретают практические языковые навыки, обеспечивающие достижение уровней А2, B1 «Общеевропейской компетенции владения иностранным языком: Изучение, преподавание, оценка» ("Common European Framework of Reference: Learning, Teaching, Assessment"). 
333 |a Доступ по логину и паролю 
606 1 |a Английский язык  |x Учебные руководства и пособия  |x Пособия по развитию речи, разговорники  |2 stltpush  |3 (RuTPU)RU\TPU\subj\29074  |9 52486 
610 1 |a электронный ресурс 
610 1 |a труды учёных ТПУ 
610 1 |a электронное обучение 
610 1 |a электронные курсы ТПУ 
610 1 |a английский язык 
610 1 |a письменная речь 
610 1 |a электронные учебные пособия 
610 1 |a учебные пособия 
610 1 |a письмо 
610 1 |a E-Mail 
610 1 |a деловая корреспонденция 
610 1 |a биография 
686 |a Ш143.21-923.4  |2 rubbk 
700 1 |a Персидская  |b А. С.  |c лингвист  |c старший преподаватель Томского политехнического университета  |f 1986-  |g Анастасия Сергеевна  |2 stltpush  |3 (RuTPU)RU\TPU\pers\33297 
712 0 2 |a Национальный исследовательский Томский политехнический университет (ТПУ)  |b Институт развития стратегического партнерства и компетенций (ИСПК)  |b Кафедра методики преподавания иностранных языков (МПИЯ)  |h 3541  |2 stltpush  |3 (RuTPU)RU\TPU\col\18976 
801 2 |a RU  |b 63413507  |c 20211012  |g RCR 
856 4 |u https://design.lms.tpu.ru/course/view.php?id=1089 
942 |c CF